1030 1544 1542 1951 1622 1964 1563 1476 1389 1226 1947 1710 1395 1332 1261 1386 1025 1540 1059 1053 1824 1561 1718 1811 1693 1549 1923 1003 1491 1518 1420 1044 1834 1012 1074 1574 1082 1284 1172 1908 1130 1505 1717 1371 1845 1960 1793 1711 1589 1519 1790 1561 1228 1673 1941 1267 1037 1124 1281 1962 1385 1391 1925 1803 1825 1176 1415 1486 1584 1045 1739 1595 1084 1531 1215 1491 1413 1778 1984 1852 1903 1422 1767 1962 1066 1875 1318 1582 1190 1768 1606 1005 1141 1358 1364 1932 1238 1584 1262 BCNSPRNW ULIB Ver.6.0+V

เปลี่ยนเป็นภาษาไทย

Change to English
 แสดงรายละเอียดบรรณานุกรม
  กลับหน้าหลัก

Brief Record : Get Marc (ISO 2709) : E-mail record : QR code < ปิดหน้าต่าง
LEADER : 00000nam 2200000uu 4500
001    13399124393
003     ULIB
008    150604s2558||||th 000 0 tha d
099    วจ.WY156^bจ533ก
100 0  จิราพร ศรีพิบูลย์บัติ และศรีสุดา งามขำ
245 00 การศึกษาลักษณะความเจ็บปวดของผู้ป่วยมะเร็ง โรงพยาบาลมะเร็งลพบุรี จังหวัดลพบุรี ^cจิราพร ศรีพิบูลย์บัติ และศรีสุดา งามขำ
260    นครสวรรค์:^bวิทยาลัยพยาบาลบรมราชชนนี สวรรค์ประชารักษ์ นครสวรรค์,^c2558
300    48 หน้า
650  0 ความเจ็บปวด^xวิจัย
650  0 มะเร็ง^nความเจ็บปวด^xวิจัย
650  0 ^zโรงพยาบาลมะเร็งลพบุรี
945    ^p0^l0^i039482
945    ^p0^l0^i000273
999    ^aเกษร โพธิ์สุวรรณ
รายการนี้ยังไม่มีแท็ก
คุณยังไม่ได้ล็อกอิน คุณสามารถมีกิจกรรมร่วมกับเว็บไซต์ได้ แต่ต้องล็อกอินก่อน ::
  ล็อกอิน

รายการสื่อสารสนเทศ

ลำดับที่ ประเภท เลขเรียก/บาร์โค้ด สถานที่ สถานะ
1. งานวิจัย
งานวิจัย
วจ.WY156 จ533ก ฉ.1 
  Barcode: 039482
ห้องสมุดวิทยาเขตสวรรค์ประชารักษ์
►วิจัย
บนชั้น
2. งานวิจัย
งานวิจัย
วจ.WY156 จ533ก ฉ.2 
  Barcode: 000273
ห้องสมุดวิทยาเขตสวรรค์ประชารักษ์
►วิจัย
บนชั้น

รายการใกล้เคียง
    หัวเรื่อง [โรงพยาบาลมะเร็งลพบุรี]

BibComment


ยังไม่เคยถูกคอมเมนท์

คอมเมนท์ทรัพยากรรายการนี้
  คอมเมนท์: การศึกษาลักษณะควา..


 Copyright 2026. Bcnsprnw @Library